|
|
|
|
| LEADER |
00576nam a2200157Ia 4500 |
| 008 |
150624b xxu||||| |||| 00| 0 eng d |
| 082 |
|
|
|a 425
|
| 100 |
|
|
|a Jordan, R. R.
|
| 245 |
|
|
|a Hand book for english language assistant:
|b with special reference to France and Germany /
|c R. R. Jordan
|
| 260 |
|
|
|a New York :
|b Harper & Row,
|c 1976.
|
| 300 |
|
|
|a 120 p.
|
| 650 |
|
|
|x English grammar.
|
| 700 |
|
|
|a Mackay, R.
|
| 942 |
|
|
|c BK
|
| 999 |
|
|
|c 30022
|d 30022
|
| 952 |
|
|
|0 0
|1 0
|4 0
|6 425_000000000000000_JOR_H
|7 0
|9 30021
|a UL
|b UL
|c ST1
|d 1998-09-01
|l 1
|o 425 JOR/H
|p 41526
|r 2014-08-22
|s 2014-07-22
|w 2012-10-27
|y BK
|